Hlavačka i Parlagi skončili v 2. kole Majstrovstvá sveta v boxe už bez účasti Slovákov

Bibliographic Details
Format: Article
Language:Slovak
ISSN:0139-7001
Subjects:

MARC

LEADER 00000nab a2200000 ar4500
001 vtls009157368
003 SK-MaSNL
005 20260303064412.0
008 071108c20071029xo mr|p|||||||000 b|slo
015 |a SNKBUCL2007/11  |2 snkbucl 
038 |a SNKBUCL 
040 |a SNKBUCL  |b slo  |c SNKBUCL  |e AACR2 
041 0 |a slo 
044 |a xo  |c SK 
080 |a 796.83.093.1  |x (100)  |2 2001 
245 0 0 |a Hlavačka i Parlagi skončili v 2. kole  |b Majstrovstvá sveta v boxe už bez účasti Slovákov 
611 2 7 |a Majstrovstvá sveta v boxe  |d (2007 :  |c Chicago, Illinois)  |2 snkbucl  |9 1062870 
650 0 7 |a box  |2 snkbucl  |9 3272 
773 0 |t Šport  |g Roč. 61, č. 249 (29.10.2007), s. 42  |x 0139-7001 
852 |a SNK  |b KIS3GCP 
999 |c 1746986  |d 1748916